Aktuální kapitoly z fyziologie rostlin a zemědělského výzkumu 2011 /

Korporativní autor: Výzkumný ústav rostlinné výroby. Odbor genetiky, šlechtění a kvality produkce
Další autoři: Bláha, Ladislav, 1949-, Hnilička, František, 1972-, Česká zemědělská univerzita v Praze. Fakulta agrobiologie, potravinových a přírodních zdrojů
Jazyk: Slovenština
Čeština
Vydáno: Praha : Výzkumný ústav rostlinné výroby :Česká zemědělská univerzita v Praze, 2011
Vydání: Vyd. 1.
Témata:
Fyzický popis: 256 s. : il. (některé barev.) ; 26 cm
Language note: Část. slovenský text
Knihy
Uloženo v:
LEADER 02607nam a2200553 a 4500
001 nkc20112174221
003 CZ PrNK
005 20110613101914.0
007 ta
008 110311s2011 xr a e 001 0 cze
015 |a cnb002174221 
020 |a 978-80-7427-069-7  |q (Výzkumný ústav rostlinné výroby :  |q váz.) 
020 |a 978-80-213-2159-5  |q (Česká zemědělská univerzita :  |q váz.) 
035 |a (OCoLC)730407999 
040 |a OLA001  |b cze  |d BOA001 
041 0 |a cze  |a slo 
072 7 |a 631  |x Zemědělství. Pedologie. Agrotechnika. Agroekologie  |2 Konspekt  |9 24 
080 |a 633/635  |2 MRF 
080 |a 631:001.891  |2 MRF 
080 |a 631.52  |2 MRF 
080 |a 581.1  |2 MRF 
080 |a (062.552)  |2 MRF 
245 0 0 |a Aktuální kapitoly z fyziologie rostlin a zemědělského výzkumu 2011 /  |c editoři Ladislav Bláha, František Hnilička ; autorský kolektiv Bláha, L. ... [et al.] 
250 |a Vyd. 1. 
260 |a Praha :  |b Výzkumný ústav rostlinné výroby :  |b Česká zemědělská univerzita v Praze,  |c 2011 
300 |a 256 s. :  |b il. (některé barev.) ;  |c 26 cm 
500 |a Pod názvem: Výzkumný ústav rostlinné výroby, odbor genetiky, šlechtění a kvality rostlinných produktů, Česká zemědělská univerzita v Praze, Fakulta agrobiologie, potravinových a přírodních zdrojů 
504 |a Obsahuje bibliografie a rejstřík 
546 |a Část. slovenský text 
650 0 7 |a pěstované rostliny  |7 ph115970  |2 czenas 
650 0 7 |a zemědělský výzkum  |7 ph127630  |2 czenas 
650 0 7 |a šlechtění zemědělských plodin  |7 ph127832  |2 czenas 
650 0 7 |a fyziologie rostlin  |7 ph114604  |2 czenas 
650 0 9 |a cultivated plants  |2 eczenas 
650 0 9 |a agricultural research  |2 eczenas 
650 0 9 |a crops breeding  |2 eczenas 
650 0 9 |a plant physiology  |2 eczenas 
655 7 |a sborníky  |7 fd724344  |2 czenas 
655 9 |a collections of works  |2 eczenas 
700 1 |a Bláha, Ladislav,  |d 1949-  |7 mzk2004217567  |4 aut  |4 edt 
700 1 |a Hnilička, František,  |d 1972-  |7 ola2003188559  |4 edt 
710 2 |a Výzkumný ústav rostlinné výroby.  |b Odbor genetiky, šlechtění a kvality produkce  |7 uzp2009486169 
710 2 |a Česká zemědělská univerzita v Praze.  |b Fakulta agrobiologie, potravinových a přírodních zdrojů  |7 ko2005264397 
910 2 |a BOA001  |b 2-1265.759 
990 |a BK 
995 |a 01 
991 |b 201105  |c NOV  |e n 
996 6 |b 2610465959  |c 2-1265.759  |l MZK  |r Sklad / do 1 hodiny  |n 0  |p p.v.  |w 001179807  |u 000010  |a 1  |e BOA001  |j MZK50  |s P 
996 7 |b 2610481170  |c 2-1265.759  |l MZK  |r Sklad / do 1 hodiny  |n 8  |p p.v.  |w 001179807  |u 000020  |a 1  |e BOA001  |j MZK50  |s A